000 00773nam a2200265Ia 4500
003 OSt
005 20220928124517.0
006 a|||||r|||| 00| 0
007 ta
008 220927b |||||||| |||| 00| 0 eng d
020 _c3775.9009999999998
024 _a118359
037 _b160, 22/10/2012, N.R.Book Distributors
_cTextual
040 _aSDCL
_cSDCL
_beng
041 _2eng
_aeng
082 _aG:68, Q0
100 _aBrown T.A
245 0 _aGene cloning and DNA analysis
_b An introduction.
250 _a6th
260 _aChichester
_bWiley- Blackwell
_c2010
300 _axvi,320p
_ccm.
650 _aPlant Molecular Biology
942 _hG:68, Q0
_cTEXL
_2CC
999 _c778796
_d778796